Giáo trình quản trị chiến lược và chính sách kinh doanh
Sách gồm 9 chương trình bày những điều cơ bản trong quản trị chiến lược, những nhà lãnh đạo chiến lược, phân tích chiến lược kinh doanh môi trường bên ngoài và bên trong,... đánh giá và kiểm soát chiến lược kinh doanh....
שמור ב:
| פורמט: | ספר |
|---|---|
| שפה: | Undetermined |
| יצא לאור: |
Thành phố Hồ Chí Minh
Phương Đông
2013
|
| נושאים: | |
| תגים: |
הוספת תג
אין תגיות, היה/י הראשונ/ה לתייג את הרשומה!
|
| Thư viện lưu trữ: | Trung tâm Học liệu Trường Đại học Cần Thơ |
|---|
| LEADER | 00953nam a2200193Ia 4500 | ||
|---|---|---|---|
| 001 | CTU_191498 | ||
| 008 | 210402s9999 xx 000 0 und d | ||
| 020 | |c 75000 | ||
| 082 | |a 658.4012 | ||
| 082 | |b Gi108 | ||
| 245 | 0 | |a Giáo trình quản trị chiến lược và chính sách kinh doanh | |
| 245 | 0 | |c Nguyễn Mạnh Hùng,... [et al.] | |
| 260 | |a Thành phố Hồ Chí Minh | ||
| 260 | |b Phương Đông | ||
| 260 | |c 2013 | ||
| 520 | |a Sách gồm 9 chương trình bày những điều cơ bản trong quản trị chiến lược, những nhà lãnh đạo chiến lược, phân tích chiến lược kinh doanh môi trường bên ngoài và bên trong,... đánh giá và kiểm soát chiến lược kinh doanh. | ||
| 650 | |a Strategic planning,Kế hoạch chiến lược | ||
| 910 | |a Hải | ||
| 980 | |a Trung tâm Học liệu Trường Đại học Cần Thơ | ||